000 00560nam a2200241Ia 4500
005 20250425160657.0
008 250425s9999 xx 000 0 und d
020 _a968622355X
041 _aspa
082 _a658.15
100 _aMEDINA NAVA, CELIA
245 0 _aECONOMIA PARA INGENIEROS
250 _a1A ED.
260 _aMEXICO
260 _aMéxico
_bALFAOMEGA
_c1992
300 _a100
650 _aCOSTOS DE PRODUCCION
650 _aDEMANDA
650 _aINGENIERIA ECONOMICA
650 _aMICROECONOMIA
942 _c01
010 _a2064
999 _c193921
_d193921